Library Banner

اقبالیات (Record no. 81254)

MARC details
000 -LEADER
fixed length control field 00402nam a22001457a 4500
005 - DATE AND TIME OF LATEST TRANSACTION
control field 20160108103023.0
008 - FIXED-LENGTH DATA ELEMENTS--GENERAL INFORMATION
fixed length control field 160108b xxu||||| |||| 00| 0 eng d
040 ## - CATALOGING SOURCE
Transcribing agency PK-LaUMT
082 ## - DEWEY DECIMAL CLASSIFICATION NUMBER
Classification number MMC 928.91439
Item number SUH-I
100 ## - MAIN ENTRY--PERSONAL NAME
Personal name سہیل عمر، محمد
245 ## - TITLE STATEMENT
Title اقبالیات
Statement of responsibility, etc محمد سہیل عمر
260 ## - PUBLICATION, DISTRIBUTION, ETC. (IMPRINT)
Place of publication, distribution, etc لاہور
Name of publisher, distributor, etc اقبال اکادمی
Date of publication, distribution, etc 2005
300 ## - PHYSICAL DESCRIPTION
Extent 196 ص
942 ## - ADDED ENTRY ELEMENTS (KOHA)
Koha item type Books
Holdings
Withdrawn status Lost status Damaged status Home library Current library Date acquired Full call number Barcode Date last seen Price effective from Koha item type
      UMT Main Campus UMT Main Campus 2016-01-08 MMC 928.91439 SUH-I 95767 2021-06-22 2016-01-08 Books